|
|
|
|
| LEADER |
02904nam a2200505 i 4500 |
| 001 |
mzk03001282810 |
| 003 |
CZ BrMZK |
| 005 |
20240617101007.0 |
| 007 |
ta |
| 008 |
221216s1542 xr a fr|||||00| ||czeod |
| 040 |
|
|
|a BOA001
|b cze
|e rda
|
| 041 |
1 |
|
|a cze
|h lat
|
| 072 |
|
7 |
|a 094
|x Staré tisky
|2 Konspekt
|9 12
|
| 080 |
|
|
|a (0.068)094
|2 MRF
|
| 100 |
1 |
|
|a Corvinus, Anton,
|d 1501-1553
|7 mzk2009528408
|4 aut
|
| 245 |
1 |
1 |
|a [Wýklady na Cžtenij Nedělnij /
|c Antonya Korwina prawého včitele Ewangelium Swatého nynij w nowie wytisstiený a spilnostij skorygowaný]
|
| 246 |
3 |
3 |
|a Výklady na čtení nedělní ...
|
| 264 |
|
1 |
|a Wytisstieno w Menssijm Miestě Pražském :
|b skrze Bartholoměge Netholického,
|c 1542
|
| 300 |
|
|
|a 4 nečíslované listy, CLX listů, 4 nečíslované listy ;
|c 4° (19 cm)
|
| 336 |
|
|
|a text
|b txt
|2 rdacontent
|
| 337 |
|
|
|a bez média
|b n
|2 rdamedia
|
| 338 |
|
|
|a svazek
|b nc
|2 rdacarrier
|
| 500 |
|
|
|a Výzdoba: Dřevořezy v textuy, iniciály
|
| 500 |
|
|
|a Na předním přídeští zlomek rukopisného zápisu, přípisy a poznámky v textu
|
| 501 |
|
|
|a Obsahuje: Přívazek 1, Weyklady na Cžtenij Swátkúw weyročnijch ... / Anton Corvinus. -- Přívazek 2, Kratcij Wykladowe na Episstoly nedělnij celého Roku ... / Anton Corvinus. -- Přívazek 3, Rozgimanij o Vmučenij Krysta Pána welmi pěkna ... / Anton Corvinus
|
| 510 |
4 |
|
|a Knihopis,
|c K01627
|u https://aleph.nkp.cz/F/?func=direct&doc_number=000004083&local_base=KPS
|
| 561 |
|
|
|a Provenience: [Jaroslav Vobr, Brno]
|5 CZ-BrMZK
|
| 563 |
|
|
|a Restaurovaná původní kožená vazba, dřevěné desky potažené tnavou usní zdobené rýhováním, 8 rožnic, 2 puklice, 1 spona, nový hřbet, otřelá modrá ořízka
|5 CZ-BrMZK
|
| 590 |
|
|
|a Chybí 5 úvodních listů, horní třetina a dolní roh listu II, další listy vyspraveny s menší ztrátou textu, silně oříznuto, zatekliny
|5 CZ-BrMZK
|
| 655 |
|
7 |
|a staré tisky
|7 fd422076
|2 czenas
|
| 700 |
1 |
|
|a Antoch z Helfenberka, Zikmund,
|d 1508-1552
|7 jn20010912001
|4 trl
|
| 856 |
4 |
2 |
|u http://books.google.cz/books?vid=NKP:1002394562-001&printsec=frontcover
|y Digitalizovaný dokument
|z Exemplář Národní knihovny ČR, 54 S 000827/adl.1
|
| 903 |
|
|
|a RP
|
| 910 |
|
|
|a BOA001
|b V1-0001.180
|
| 978 |
|
|
|b Netolický, Bartoloměj
|a Praha
|c 1542
|
| 981 |
1 |
|
|a Vobr, Jaroslav,
|d 1939-2013
|7 jk01150194
|
| 984 |
|
|
|a Praha
|b Česko
|
| 985 |
|
|
|a 1501-1550
|
| 990 |
|
|
|a BK
|
| 993 |
|
|
|a Y
|
| 991 |
|
|
|k mzk
|
| 996 |
6 |
|
|b 2610972268
|c V1-0001.180
|l stud. ST
|r Sklad / do násl. otevíracího dne
|n 0
|p dar
|w 001967881
|u 000010
|a 1
|e BOA001
|s P
|
| 994 |
|
|
|a DN
|l MZK03
|b 001282811
|m záznam 1. díla (pro objednání pokračujte kliknutím)
|n přívazek 1
|
| 994 |
|
|
|a DN
|l MZK03
|b 001282812
|m záznam 1. díla (pro objednání pokračujte kliknutím)
|n přívazek 2
|
| 994 |
|
|
|a DN
|l MZK03
|b 001282813
|m záznam 1. díla (pro objednání pokračujte kliknutím)
|n přívazek 3
|